Microbial degradation of natural and synthetic rubber waste (Record no. 62899)

MARC details
000 -LEADER
fixed length control field 01608nam a2200217Ia 4500
100 ## - MAIN ENTRY--AUTHOR NAME
Personal name Shehata S F
245 #0 - TITLE STATEMENT
Title Microbial degradation of natural and synthetic rubber waste
260 ## - PUBLICATION, DISTRIBUTION, ETC. (IMPRINT)
Name of publisher Annals of Agricultural Science
Year of publication 2005
300 ## - PHYSICAL DESCRIPTION
Number of Pages 455-465
500 ## - GENERAL NOTE
General note Source Year: 2006
520 ## - SUMMARY, ETC.
Summary, etc Some natural (latex gloves and rubber bands) and synthetic (polyisoprene and nitrile) rubber smaples were subjected to bacterial and fungal degradation. When polyisoprene rubber was treated with 6 microbial isolates, the degradation ranged from 3 to 72;. The best results were obtained by strains DRI and DR4, with which the degradation in liquid salt medium reached 40 and 72;, respectively. These isolates were identified as Xanthomonas fragariae and Aspergillus fumigatus, respectively. In solid agar medium, the latex glove rubber showed complete degradation by DRI, while other rubber samples did not show any degradation by other isolates. These results indicated that microbial rubber degradation is promising and could reach 100;provided that suitable organism and conditions are used. To determine the degradation mechanism and the possibility of recycling the products, the degradation products were seperated and analysed by GC-MS. The major products resulted from double bond oxidation to give CH3-CO-CH2-[CH2-CH=C(CH3)-CH2-CH2-CH=C(CH3)-CH2]n-CH2-CHO.
650 ## - SUBJECT ADDED ENTRY--TOPICAL TERM
Topical Term Biodegradation
650 ## - SUBJECT ADDED ENTRY--TOPICAL TERM
Topical Term Gloves
650 ## - SUBJECT ADDED ENTRY--TOPICAL TERM
Topical Term Latex
650 ## - SUBJECT ADDED ENTRY--TOPICAL TERM
Topical Term Microbial degradation
650 ## - SUBJECT ADDED ENTRY--TOPICAL TERM
Topical Term Nitriles
700 ## - ADDED ENTRY--PERSONAL NAME
Personal name Ali H M
856 ## - ELECTRONIC LOCATION AND ACCESS
Uniform Resource Identifier CABCD
942 ## - ADDED ENTRY ELEMENTS (KOHA)
Koha item type Journals
Holdings
Withdrawn status Lost status Damaged status Not for loan Home library Current library Shelving location Date acquired Serial Enumeration / chronology Koha item type
      Journals RRII Library RRII Library Rubber chemistry 27/06/2006 Volume 50, Issue 2 Journals